00553 2200193 4500001002100000005001500021035002000036008004100056245006700097100002300164260003100187300002500218020002200243084002100265082001100286650001700297863002500314990002000339INLIS00000000000414120250204025213 a0010-0225000067250204 0 ind 1 aPenelitian Kuantitatif (Sebuah Pengantar) /cTukiran Taniredja aTaniredja, Tukiran aBandung :bAlfabeta,c2012 a262 hlm. ;c16x24 cm a978-602-8800-93-8 a001.42 TAN P C.1 a001.42 4aMetode Riset aSejarah Perpustakaan a250111200007230